Hoa Kỳ phong tục và tập quán = The USA customs and institutions

Sách tuyển chọn những đoạn văn ngắn song ngữ Việt-Anh về văn hóa và xã hội Mỹ

Сохранить в:
Библиографические подробности
Формат:
Язык:Undetermined
Опубликовано: Thành phố Hồ Chí Minh Trẻ 2001
Предметы:
Метки: Добавить метку
Нет меток, Требуется 1-ая метка записи!
Thư viện lưu trữ: Trung tâm Học liệu Trường Đại học Cần Thơ
LEADER 00667nam a2200181Ia 4500
001 CTU_43328
008 210402s9999 xx 000 0 und d
082 |a 305.8973 
082 |b T305/T.2 
245 0 |a Hoa Kỳ phong tục và tập quán = 
245 4 |b The USA customs and institutions 
245 0 |c Đặng Ngọc Dũng Tiến 
260 |a Thành phố Hồ Chí Minh 
260 |b Trẻ 
260 |c 2001 
520 |a Sách tuyển chọn những đoạn văn ngắn song ngữ Việt-Anh về văn hóa và xã hội Mỹ 
650 |a Folk literature, american 
980 |a Trung tâm Học liệu Trường Đại học Cần Thơ